000 00299nam a22001457a 4500
008 221117b ||||| |||| 00| 0 eng d
020 _a9781622540181
041 _aeng
080 _a004
082 _a004OPT
100 _a18
101 _aSHKP
245 _aICD-10-PCS
_cOPTUM
942 _2udc
_cBK
999 _c58928
_d58928